• 首页
  • 本馆介绍
  • 公告通知
  • 最新文献
  • 馆藏检索
  • 电子资源
  • 读者导购
  • 参考咨询
  • 我的图书馆
  • 登录
  • 详细信息显示
  • 放入我的书架
  • 预约/预借图书
  • 作者相关作品
  • 分类相关作品
  • 丛书相关作品
  • 出版社相关作品

书目信息

  • 表格格式
  • 工作单格式
  • 卡片格式
题名:
晚清湖南学术思想史
    
 
作者: 王继平 著
分册:  
出版信息: 湘潭   湘潭大学出版社  2016
页数: 526页
开本: 23cm
丛书名: 湘潭大学中国史文库
单 册:
中图分类: B249.05
科图分类:
主题词: 学术思想--xue shu si xiang--思想史--湖南--清后期
电子资源:
ISBN: 978-7-81128-952-7
000 00949nam0 22002531 450
001 0118172417
005 20170618172417.0
010    @a978-7-81128-952-7@dCNY68.00
100    @a20161227d2016 em y0chiy50 ea
101 0  @achi
102    @aCN@b430000
105    @ay z 000yy
106    @ar
200 1  @a晚清湖南学术思想史@Awan qing hu nan xue shu si xiang shi@f王继平著
210    @a湘潭@c湘潭大学出版社@d2016
215    @a526页@d23cm
225 2  @a湘潭大学中国史文库@Axiang tan da xue zhong guo shi wen ku
330    @a本书分为七章,内容包括:晚清湖南的学术背景与传统、嘉道之际学术思想的嬗变、咸同时期经世实学的发展、晚清湖南经学之式微与终结、清末湖南学术思想的转型、晚清湖南的学术文化等。
461  0 @12001 @a湘潭大学中国史文库
606 0  @a学术思想@Axue shu si xiang@x思想史@y湖南@z清后期
690    @aB249.05@v5
701  0 @a王继平@Awang ji ping@f(1957~)@4著
801  0 @aCN@bTANGWEI@c20170616
905    @b1009893-8@dB249.05@e59@f6
    
    晚清湖南学术思想史/王继平著.-湘潭:湘潭大学出版社,2016
    526页;23cm.-(湘潭大学中国史文库)
    
    
    ISBN 978-7-81128-952-7:CNY68.00
    本书分为七章,内容包括:晚清湖南的学术背景与传统、嘉道之际学术思想的嬗变、咸同时期经世实学的发展、晚清湖南经学之式微与终结、清末湖南学术思想的转型、晚清湖南的学术文化等。
●
相关链接 在E读中查询图书 在五车中查询图书 在当当中查询图书 在豆瓣中查询图书


正题名:晚清湖南学术思想史     索取号:B249.05/59         预约/预借

序号 登录号 条形码 馆藏地/架位号 状态 备注
1 1009893   210098936   第一样本阅览室/ [索取号:B249.05/59] 在馆    
2 1009894   210098945   教育系资料室/ [索取号:B249.05/59] 在馆    
3 1009895   210098954   教育系资料室/ [索取号:B249.05/59] 在馆    
4 1009896   210098963   教育系资料室/ [索取号:B249.05/59] 在馆    
5 1009897   210098972   第一借阅区/ [索取号:B249.05/59] 在馆    
6 1009898   210098981   第一借阅区/ [索取号:B249.05/59] 在馆    
唐山师范学院图书馆 欢迎您!
大连网信软件有限公司© 版权所有